000 00483cam a2200145 4500
082 0 0 _a891.4396
_bIQB
_cL-27, P-104
100 1 _aIqbal, Muhammad,
_99
245 0 0 _aLetters & writings of Iqbal.
_cCompiled and edited by B. A. Dar. Foreword by Mumtaz Hasan.
260 _aKarachi,
_bIqbal Academy
_cc1967.
300 _aviii, 129 p.
_bfacsim., ports.
_c21 cm.
526 _a0
_b0
_c0
_d891_439600000000000_IQB
650 _aMCE
_9379
700 1 _aDar, Bashir Ahmad.
_95646
942 _2ddc
_cBK
999 _c549451
_d549451